[Event "Medellin Amateur op"]
[Site "Medellin"]
[Date "2011.04.24"]
[Round "8.14"]
[White "Llano Buritica, Eduardo Alejandro"]
[Black "Plaza Sibaja, Oscar Emilio"]
[Result "1-0"]
[WhiteElo "1672"]
[BlackElo "1602"]
[PlyCount "59"]
[EventDate "2011.04.20"]
[EventType "swiss"]
[EventRounds "9"]
[EventCountry "COL"]
[SourceTitle "EXT 2024"]
[Source "ChessBase"]
[SourceDate "2023.10.10"]
[SourceVersion "1"]
[SourceVersionDate "2023.10.10"]
[SourceQuality "1"]

1. e4 e6 2. d4 d5 3. e5 c5 4. c3 Nc6 5. Be3 cxd4 6. cxd4 Qb6 7. Bd3 Nge7 8. b3 Bd7 9. Nf3 Nb4 10. Nc3 Rc8 11. Rc1 Nxd3+ 12. Qxd3 Nf5 13. 0-0 Be7 14. Na4 Qd8 15. Rxc8 Bxc8 16. Rc1 0-0 17. Nc5 Qa5 18. Qd2 Qxd2 19. Bxd2 Bd8 20. Bb4 Re8 21. Nd3 Bd7 22. g4 Nh6 23. h3 f6 24. a4 b6 25. Kg2 Kf7 26. Kg3 Ng8 27. exf6 gxf6 28. Nde5+ fxe5 29. Nxe5+ Kg7 30. Nxd7 1-0

[Event "Antioquia Region-ch C"]
[Site "Medellin"]
[Date "2011.??.??"]
[Round "5.10"]
[White "Ossa Ramirez, Jesus Antonio"]
[Black "Plaza Sibaja, Oscar Emilio"]
[Result "0-1"]
[WhiteElo "1785"]
[BlackElo "1602"]
[PlyCount "42"]
[EventDate "2011.03.03"]
[EventType "swiss"]
[EventRounds "7"]
[EventCountry "COL"]
[SourceTitle "EXT 2024"]
[Source "ChessBase"]
[SourceDate "2023.10.10"]
[SourceVersion "1"]
[SourceVersionDate "2023.10.10"]
[SourceQuality "1"]

1. e4 e6 2. d4 d5 3. e5 c5 4. c3 Nc6 5. Nf3 Bd7 6. Bd3 c4 7. Bc2 Be7 8. h4 b5 9. Ng5 Bxg5 10. hxg5 g6 11. g4 Qb6 12. a3 a5 13. Be3 Rb8 14. Qf3 b4 15. Bd2 bxc3 16. Bxc3 Nxd4 17. Bxd4 Qxd4 18. Qc3 Qxc3+ 19. bxc3 Ne7 20. Nd2 Nc6 21. f4 Na7 0-1

[Event "Antioquia Region-ch C"]
[Site "Medellin"]
[Date "2011.??.??"]
[Round "7.4"]
[White "Plaza Sibaja, Oscar Emilio"]
[Black "Castano Hoyos, David"]
[Result "1-0"]
[WhiteElo "1602"]
[BlackElo "1725"]
[PlyCount "55"]
[EventDate "2011.03.03"]
[EventType "swiss"]
[EventRounds "7"]
[EventCountry "COL"]
[SourceTitle "EXT 2024"]
[Source "ChessBase"]
[SourceDate "2023.10.10"]
[SourceVersion "1"]
[SourceVersionDate "2023.10.10"]
[SourceQuality "1"]

1. e4 e5 2. Nf3 Nc6 3. Bb5 Nf6 4. 0-0 d6 5. d4 exd4 6. Nxd4 Bd7 7. Re1 Nxd4 8. Bxd7+ Nxd7 9. Qxd4 Qf6 10. Qa4 a6 11. Nc3 c6 12. Be3 Be7 13. Rad1 0-0 14. Qd4 Rfe8 15. Qxf6 Nxf6 16. Bg5 Rad8 17. f3 h6 18. Bh4 Nh5 19. Bxe7 Rxe7 20. Rd2 f5 21. Red1 fxe4 22. Nxe4 d5 23. c4 Re5 24. cxd5 Rdxd5 25. Rxd5 Rxd5 26. Rxd5 cxd5 27. Nc5 b6 28. Nxa6 1-0